00727nam a2200133Ia 4500008004100000082001700041245021700058260002700275300001100302650007400313710009800387952009100485999001700576120622s9999 xx 000 0 und d a658.32 R391r aLa remuneración y sus elementos psicológicos : la influencia de las formas de remuneración sobre los factores psicológicos, la cualificación del trabajo y los acuerdos de empresa / tr. Bernardo Muñoz a[México] : Sagitario a119 p. a1. SALARIOS - ASPECTOS PSICOLOGICOS \ 2. ADMINISTRACIÓN DE PERSONAL aOrganización Interempresarial para la Coordinación de los Estudios Sociales (México)Ì 00104070a01b01d2007-01-25l0o658.32 R391Rp01 006039r2012-06-24w2012-06-24yLB c58026d58026